000 00810nam a2200205 4500
001 122927
003 ES-MaACL
005 20251009185115.0
007 t|
008 070214s1985 sp r ||||0| spa d
245 0 4 _aLos pronombres `le`, `la`, `lo` y sus plurales en la lengua española hablada en Madrid /
_cAntonio Quilis... [et al.].
260 _aMadrid :
_bInstituto de Filología Hispánica,
_c1985.
300 _a216 p ;
_c23 cm.
490 1 _aLa norma lingüística culta de la lengua española hablada en Madrid ;
_v5
700 1 _aQuilis, Antonio,
_d1933-2003
_994630
710 2 _aInstituto de Filología Hispánica.
_94945
830 0 _aLa norma lingüística culta de la lengua española hablada en Madrid ;
_v5
_9184460
852 _aES-MaACL
_jL-10480
_bR.112378
999 _c122927
_d122927